[Event "St Petersburg Rudenko Memorial (Women)"]
[Site "St Petersburg"]
[Date "2008.09.02"]
[Round "8"]
[White "Tukan, Ekaterina"]
[Black "Mednikova, Svetlana"]
[Result "0-1"]
[WhiteElo "1925"]
[BlackElo "2165"]
[PlyCount "78"]
[EventDate "2008.08.26"]
[EventType "swiss"]
[EventRounds "9"]
[EventCountry "RUS"]
[SourceTitle "EXT 2010"]
[Source "ChessBase"]
[SourceDate "2010.11.25"]
[SourceVersion "1"]
[SourceVersionDate "2010.11.25"]
[SourceQuality "1"]

1. e4 e5 2. Nf3 Nc6 3. Bb5 a6 4. Ba4 d6 5. c3 Bd7 6. 0-0 Nge7 7. d4 Ng6 8. Re1 Be7 9. Nbd2 h6 10. Nf1 Bg5 11. Ng3 Bxc1 12. Rxc1 0-0 13. Qd2 b5 14. Bc2 Bg4 15. Re3 Nf4 16. h3 Bxf3 17. Rxf3 Qg5 18. Qe3 Ne7 19. Kh2 Neg6 20. Rg1 Nh4 21. Nf5 Nfxg2 22. Qxg5 Nxf3+ 23. Kxg2 Nxg5 24. h4 Ne6 25. d5 Nf4+ 26. Kf3 g6 27. Nxh6+ Kg7 28. Nf5+ Kf6 29. Ne3 Rh8 30. Kg4 Rh5 31. b3 Rah8 32. Rh1 g5 33. Nf5 gxh4 34. Rxh4 Rg8+ 35. Kf3 Rxh4 36. Nxh4 Rg1 37. Nf5 Ra1 38. a4 bxa4 39. bxa4 Ra3 0-1

[Event "St Petersburg Rudenko Memorial (Women)"]
[Site "St Petersburg"]
[Date "2008.08.30"]
[Round "5"]
[White "Tukan, Ekaterina"]
[Black "Sorokina, Anastasia1111"]
[Result "1/2-1/2"]
[WhiteElo "1925"]
[BlackElo "2073"]
[PlyCount "46"]
[EventDate "2008.08.26"]
[EventType "swiss"]
[EventRounds "9"]
[EventCountry "RUS"]
[SourceTitle "EXT 2010"]
[Source "ChessBase"]
[SourceDate "2010.11.25"]
[SourceVersion "1"]
[SourceVersionDate "2010.11.25"]
[SourceQuality "1"]

1. e4 c5 2. Nf3 d6 3. d4 Nf6 4. Nc3 cxd4 5. Nxd4 g6 6. Be3 Bg7 7. Be2 0-0 8. 0-0 Nc6 9. Nb3 Bd7 10. Kh1 Rc8 11. f4 a6 12. a4 Be6 13. f5 gxf5 14. exf5 Bxb3 15. cxb3 d5 16. Bd4 Nxd4 17. Qxd4 Ne4 18. Qxd5 Nxc3 19. Qxd8 Rfxd8 20. bxc3 Rxc3 21. Rab1 Rd5 22. Bf3 Rd7 23. Rfc1 Rdc7 1/2-1/2

[Event "St Petersburg June op"]
[Site "St Petersburg"]
[Date "2008.06.29"]
[Round "9"]
[White "Tukan, Ekaterina"]
[Black "Chernenko, Ilya"]
[Result "0-1"]
[WhiteElo "1952"]
[BlackElo "2055"]
[PlyCount "88"]
[EventDate "2008.06.21"]
[EventType "swiss"]
[EventRounds "9"]
[EventCountry "RUS"]
[SourceTitle "CBM 125 Extra"]
[Source "ChessBase"]
[SourceDate "2008.09.01"]
[SourceVersion "1"]
[SourceVersionDate "2008.09.01"]
[SourceQuality "1"]

1. e4 e6 2. d4 d5 3. Nd2 c5 4. c3 cxd4 5. Bb5+ Bd7 6. Bxd7+ Qxd7 7. cxd4 Nc6 8. Ngf3 dxe4 9. Nxe4 Qd5 10. Nc3 Bb4 11. 0-0 Bxc3 12. bxc3 Nf6 13. Ba3 Ne4 14. Qc2 Nd6 15. Bxd6 Qxd6 16. a4 0-0 17. Ng5 g6 18. Ne4 Qe7 19. f4 Rac8 20. Qf2 f5 21. Ng5 h6 22. Nf3 Kf7 23. Rfe1 Qd6 24. Qh4 Kg7 25. Re3 Ne7 26. Rae1 Nd5 27. Rxe6 Qxf4 28. Re7+ Rf7 29. Rxf7+ Kxf7 30. Ne5+ Kg7 31. Qxf4 Nxf4 32. c4 Ne6 33. Nf3 Kf6 34. d5 Nc5 35. a5 Ne4 36. Rc1 g5 37. Nd4 Ke5 38. Nb3 Kd6 39. h3 Ke5 40. Kf1 h5 41. g4 hxg4 42. hxg4 fxg4 43. Ke2 Rf8 44. Rf1 Ng3+ 0-1

[Event "St Petersburg op"]
[Site "St Petersburg"]
[Date "2007.10.31"]
[Round "5"]
[White "Tukan, Ekaterina"]
[Black "Alekseenko, Kirill"]
[Result "0-1"]
[WhiteElo "1931"]
[BlackElo "2052"]
[PlyCount "93"]
[EventDate "2007.10.27"]
[EventType "swiss"]
[EventRounds "9"]
[EventCountry "RUS"]
[SourceTitle "CBM 121 Extra"]
[Source "ChessBase"]
[SourceDate "2008.01.10"]
[SourceVersion "1"]
[SourceVersionDate "2008.01.10"]
[SourceQuality "1"]

1. e4 Nc6 2. d4 d5 3. e5 Bf5 4. Bb5 e6 5. Ne2 a6 6. Ba4 h5 7. Be3 b5 8. Bb3 Na5 9. Nd2 Rc8 10. a4 c6 11. Nf4 c5 12. c3 cxd4 13. Bxd4 Nc4 14. axb5 axb5 15. Nxc4 dxc4 16. Bc2 Bxc2 17. Qxc2 Qh4 18. Ng6 fxg6 19. Qxg6+ Kd7 20. 0-0-0 Kc7 21. Qxe6 Rh6 22. Qxg8 Ra6 23. Rhe1 Qf4+ 24. Be3 Ra1+ 25. Kd2 Rd8+ 26. Ke2 Qg4+ 27. f3 Qxg2+ 28. Bf2 Raxd1 29. Rxd1 Qxf2+ 30. Kxf2 Bc5+ 31. Kg3 Rxg8 32. Kh4 g6 33. Kg5 Be7+ 34. Kh6 Bh4 35. Rd5 Kc6 36. Rd6+ Kc5 37. Rxg6 Rh8+ 38. Kg7 Re8 39. f4 Kd5 40. Rh6 Bf2 41. Rxh5 Be3 42. Kf7 Re6 43. Rh8 Bxf4 44. Rb8 Rxe5 45. Rxb5+ Kd6 46. Rb6+ Kc5 47. Rb7 0-1

[Event "St Petersburg-ch U18 Girls"]
[Site "St Petersburg"]
[Date "2007.10.13"]
[Round "9"]
[White "Tukan, Ekaterina"]
[Black "Bragina, Anastasia"]
[Result "1/2-1/2"]
[WhiteElo "1931"]
[BlackElo "2047"]
[PlyCount "27"]
[EventDate "2007.10.05"]
[EventType "swiss"]
[EventRounds "9"]
[EventCountry "RUS"]
[SourceTitle "EXT 2009"]
[Source "ChessBase"]
[SourceDate "2008.11.26"]
[SourceVersion "1"]
[SourceVersionDate "2008.11.26"]
[SourceQuality "1"]

1. e4 e5 2. Nf3 Nc6 3. Bb5 a6 4. Ba4 Nf6 5. Qe2 b5 6. Bb3 Be7 7. c3 d6 8. 0-0 Na5 9. Bc2 c5 10. d4 Qc7 11. d5 Bg4 12. h3 Bh5 13. Bg5 c4 14. Nbd2 1/2-1/2

[Event "St Petersburg-ch U18 Girls"]
[Site "St Petersburg"]
[Date "2007.10.08"]
[Round "4"]
[White "Zykova, Antonina"]
[Black "Tukan, Ekaterina"]
[Result "0-1"]
[WhiteElo "2041"]
[BlackElo "1931"]
[PlyCount "40"]
[EventDate "2007.10.05"]
[EventType "swiss"]
[EventRounds "9"]
[EventCountry "RUS"]
[SourceTitle "EXT 2009"]
[Source "ChessBase"]
[SourceDate "2008.11.26"]
[SourceVersion "1"]
[SourceVersionDate "2008.11.26"]
[SourceQuality "1"]

1. e4 e5 2. Nf3 Nc6 3. Bb5 a6 4. Ba4 Nf6 5. d3 b5 6. Bb3 Be7 7. c3 0-0 8. Nbd2 d5 9. Qe2 Re8 10. Nf1 Be6 11. Ng5 Bg4 12. f3 Bh5 13. Ne3 Na5 14. Nf5 Nxb3 15. Nxe7+ Qxe7 16. axb3 h6 17. Nh3 a5 18. 0-0 c5 19. Nf2 Kh8 20. c4 d4 0-1

[Event "St Petersburg-ch sf (Women)"]
[Site "St Petersburg"]
[Date "2006.12.16"]
[Round "8"]
[White "Tukan, Ekaterina"]
[Black "Sokolova, Vera Evgenyevna"]
[Result "1-0"]
[WhiteElo "2004"]
[BlackElo "2016"]
[PlyCount "127"]
[EventDate "2006.11.30"]
[EventType "swiss"]
[EventRounds "9"]
[EventCountry "RUS"]
[SourceTitle "EXT 2019"]
[Source "ChessBase"]
[SourceDate "2018.10.10"]
[SourceVersion "1"]
[SourceVersionDate "2018.10.10"]
[SourceQuality "1"]

1. e4 e5 2. Nf3 Nc6 3. Bb5 f5 4. d3 fxe4 5. dxe4 Nf6 6. Bg5 d6 7. Nc3 Be6 8. Qe2 Be7 9. Rd1 Qc8 10. Nd5 a6 11. Nxe7 Kxe7 12. Bxc6 bxc6 13. c4 h6 14. Bxf6+ gxf6 15. Nh4 Qg8 16. b3 h5 17. f3 a5 18. Kf2 a4 19. g3 Rh7 20. Qc2 Qb8 21. Rb1 axb3 22. axb3 c5 23. Ra1 Rg7 24. Rhb1 Rg8 25. Nf5+ Bxf5 26. exf5 Rxa1 27. Rxa1 Qb6 28. Rb1 c6 29. Qd2 Rg5 30. h4 Rg7 31. Qh6 Rf7 32. Qxh5 Qa5 33. Re1 Qa2+ 34. Re2 Qxb3 35. Qg4 Qd3 36. Qe4 Qd4+ 37. Kg2 d5 38. Qxd4 cxd4 39. c5 Kf8 40. Rd2 Rb7 41. f4 Rb5 42. fxe5 fxe5 43. g4 Rxc5 44. g5 Rb5 45. f6 c5 46. h5 c4 47. Ra2 Rb8 48. g6 c3 49. h6 Kg8 50. Ra7 c2 51. Rg7+ Kh8 52. Rh7+ Kg8 53. f7+ Kf8 54. Rh8+ Ke7 55. Rxb8 c1Q 56. f8Q+ Ke6 57. Rb6+ Kd7 58. Rb7+ Ke6 59. Qf7+ Kd6 60. Qd7+ Kc5 61. Rc7+ Kb4 62. Rxc1 d3 63. Qb7+ Ka3 64. Ra1# 1-0

[Event "St Petersburg Rudenko Memorial (Women)"]
[Site "St Petersburg"]
[Date "2006.09.30"]
[Round "5"]
[White "Tukan, Ekaterina"]
[Black "Sitdikova, Liya"]
[Result "0-1"]
[WhiteElo "2001"]
[BlackElo "2021"]
[PlyCount "142"]
[EventDate "2006.08.26"]
[EventType "swiss"]
[EventRounds "9"]
[EventCountry "RUS"]
[SourceTitle "CBM 113 Extra"]
[Source "ChessBase"]
[SourceDate "2006.09.14"]
[SourceVersion "1"]
[SourceVersionDate "2006.09.14"]
[SourceQuality "1"]

1. e4 c5 2. Nf3 e6 3. d4 cxd4 4. Nxd4 Nf6 5. Nc3 Nc6 6. Ndb5 Bb4 7. a3 Bxc3+ 8. Nxc3 d5 9. exd5 exd5 10. Bd3 0-0 11. 0-0 Bg4 12. f3 Be6 13. Bg5 Qb6+ 14. Kh1 Nd7 15. f4 f5 16. Bb5 Qc5 17. Re1 Rae8 18. Qd3 Qd6 19. Rad1 Nc5 20. Qf3 a6 21. Bxc6 bxc6 22. b4 Ne4 23. Nxe4 fxe4 24. Qxe4 dxe4 25. Rxd6 Bd5 26. c4 Bxc4 27. Rxc6 Bb5 28. Rc3 h6 29. Bh4 Rxf4 30. Bg3 Rf6 31. h3 Kf7 32. Ree3 Bd3 33. Rc1 Kg6 34. Rce1 Rc8 35. Kh2 Kf5 36. Rd1 Rc3 37. a4 Rb3 38. Be1 Ra3 39. a5 Rc6 40. g4+ Kg6 41. Rd2 Rc1 42. Kg3 Raa1 43. Kf2 Rcb1 44. Rdxd3 exd3 45. Bd2 Rh1 46. Kg3 Ra3 47. Rf3 Rd1 48. Bf4 Ra2 49. Rf2 Rxf2 50. Kxf2 Kf6 51. Ke3 Ke6 52. Kd4 Kd7 53. g5 h5 54. h4 Ke6 55. Ke4 Ke7 56. g6 Ke6 57. Bg5 Rb1 58. Bd2 Rb3 59. Kd4 Kf5 60. Bc3 Kxg6 61. Kxd3 Rb1 62. Bd2 Rd1 63. Kc2 Rg1 64. Kd3 Rg4 65. Be1 Kf5 66. Kc3 g5 67. hxg5 h4 68. Bxh4 Rxh4 69. Kb3 Kxg5 70. b5 axb5 71. a6 Ra4 0-1

[Event "St Petersburg Rudenko Memorial (Women)"]
[Site "St Petersburg"]
[Date "2006.09.27"]
[Round "2"]
[White "Mednikova, Svetlana"]
[Black "Tukan, Ekaterina"]
[Result "1-0"]
[WhiteElo "2176"]
[BlackElo "2001"]
[PlyCount "107"]
[EventDate "2006.08.26"]
[EventType "swiss"]
[EventRounds "9"]
[EventCountry "RUS"]
[SourceTitle "CBM 113 Extra"]
[Source "ChessBase"]
[SourceDate "2006.09.14"]
[SourceVersion "1"]
[SourceVersionDate "2006.09.14"]
[SourceQuality "1"]

1. e4 e5 2. Nc3 d6 3. g3 Nc6 4. Bg2 g6 5. Nge2 Bg7 6. 0-0 Nge7 7. Nd5 Be6 8. c3 Qc8 9. d3 0-0 10. Bg5 f6 11. Be3 Bf7 12. Nxe7+ Nxe7 13. Qd2 c6 14. Bh6 Qc7 15. Bxg7 Kxg7 16. f4 Rad8 17. g4 d5 18. fxe5 Qxe5 19. d4 Qe6 20. g5 Bg8 21. gxf6+ Rxf6 22. Rxf6 Qxf6 23. Rf1 Qd6 24. e5 Qd7 25. Qg5 Rf8 26. Rf6 h6 27. Qf4 Nf5 28. Rxf8 Kxf8 29. Bh3 Kg7 30. Bxf5 gxf5 31. Ng3 Kg6 32. Qh4 Be6 33. Qf6+ Kh7 34. Kf2 c5 35. Ke3 cxd4+ 36. cxd4 Qc6 37. Ne2 Qc8 38. Kd2 Qg8 39. Nf4 Bc8 40. h4 Qg7 41. Qxg7+ Kxg7 42. a3 Kf7 43. Nxd5 b6 44. Nf4 Bb7 45. Ke3 Be4 46. d5 Ke7 47. Kd4 Kd7 48. Ng6 Kc7 49. e6 Kd6 50. e7 Kd7 51. Ke5 a6 52. d6 Bc6 53. Nf8+ Ke8 54. Ke6 1-0

[Event "St Petersburg White Nights op"]
[Site "St Petersburg"]
[Date "2006.06.24"]
[Round "2"]
[White "Karasev, Vladimir I"]
[Black "Tukan, Ekaterina"]
[Result "1-0"]
[WhiteElo "2386"]
[BlackElo "1974"]
[PlyCount "59"]
[EventDate "2006.06.23"]
[EventType "swiss"]
[EventRounds "9"]
[EventCountry "RUS"]
[SourceTitle "CBM 112 Extra"]
[Source "ChessBase"]
[SourceDate "2006.07.14"]
[SourceVersion "1"]
[SourceVersionDate "2006.07.14"]
[SourceQuality "1"]

1. e4 e5 2. Nc3 d6 3. g3 Be7 4. Bg2 Nf6 5. Nge2 Nc6 6. d4 exd4 7. Nxd4 0-0 8. 0-0 Nxd4 9. Qxd4 Ne8 10. Nd5 c6 11. Nxe7+ Qxe7 12. Bf4 Be6 13. Rfd1 Rd8 14. Qxa7 g5 15. Be3 f5 16. exf5 Bxf5 17. Bxc6 Be4 18. Bxe4 Qxe4 19. Bxg5 Rc8 20. Re1 Qf5 21. Bh6 Rf6 22. Qe3 Ng7 23. Bxg7 Kxg7 24. Re2 Rc5 25. Qe7+ Kh6 26. Rf1 b6 27. Re4 Kg6 28. Rf4 Qe5 29. Rg4+ Kf5 30. Rg5+ 1-0